[Event "HEM 2015 B Turnier"]
[Site "Frankfurt-Sossenheim"]
[Date "2015.??.??"]
[Round "4.27"]
[White "Reichel, Rolf"]
[Black "Boerkey, Luis"]
[Result "0-1"]
[WhiteElo "1816"]
[BlackElo "1531"]
[PlyCount "88"]
[EventDate "2015.??.??"]
[WhiteTeam "SF Frankfurt"]
[BlackTeam "Wiesbadener SV"]

1. e4 c5 2. Nf3 Nc6 3. d4 cxd4 4. c3 dxc3 5. Nxc3 d6 6. Bb5 g6 7. Qd4 Nf6 8. e5
dxe5 9. Qxd8+ Kxd8 10. Bxc6 bxc6 11. Nxe5 Ke8 12. O-O Bb7 13. Be3 Bg7 14. Rfd1
Nd5 15. Nxd5 cxd5 16. Bd4 Bxe5 17. Bxe5 f6 18. Bd4 e5 19. Bc5 Kd7 20. b4 Rhc8
21. Rac1 Rc7 22. Rc3 Rac8 23. Ra3 a6 24. f3 Ra8 25. Rb3 Bc6 26. Kf2 Ke6 27. Ra3
Bb5 28. Ke3 a5 29. Bb6 Rc2 30. Rd2 d4+ 31. Bxd4 exd4+ 32. Rxd4 Rxg2 33. h4 g5
34. hxg5 fxg5 35. Rd2 Rxd2 36. Kxd2 Rd8+ 37. Ke1 axb4 38. Rb3 Bc4 39. Rxb4 Bxa2
40. Rb5 Bd5 41. Rb6+ Rd6 42. Rxd6+ Kxd6 43. Kf2 Ke6 44. Kg3 Kf5 0-1

[Event "HEM 2015 B Turnier"]
[Site "Frankfurt-Sossenheim"]
[Date "2015.??.??"]
[Round "4.28"]
[White "Schwarz, Matthias"]
[Black "Fuchs, Andreas"]
[Result "1/2-1/2"]
[WhiteElo "1352"]
[BlackElo "1663"]
[PlyCount "71"]
[EventDate "2015.??.??"]
[WhiteTeam "SG Idstein"]
[BlackTeam "SC Ober-Ramstadt"]

1. e4 e6 2. d4 d5 3. Nc3 Nf6 4. Bg5 Be7 5. Bxf6 Bxf6 6. e5 Be7 7. Bd3 c5 8.
dxc5 Bxc5 9. Qg4 g6 10. Nf3 Nc6 11. O-O f5 12. exf6 Qxf6 13. Rae1 O-O 14. Qg5
Nd4 15. Qxf6 Rxf6 16. Ne5 Nc6 17. Bb5 Nxe5 18. Rxe5 Bd4 19. Re2 Bxc3 20. bxc3
a6 21. Bd3 b5 22. Rfe1 Bd7 23. Re3 Rc8 24. Bf1 Rf4 25. g3 Ra4 26. Bh3 Rxa2 27.
Bxe6+ Bxe6 28. Rxe6 Rxc2 29. Rxa6 Rf8 30. f4 Rxc3 31. Rd6 Rc5 32. Re5 Rf5 33.
Rxf5 gxf5 34. Kf2 Kf7 35. Ke3 b4 36. Rb6 1/2-1/2

[Event "HEM 2015 B Turnier"]
[Site "Frankfurt-Sossenheim"]
[Date "2015.??.??"]
[Round "4.29"]
[White "Pyshny, Anton"]
[Black "Heinz, Tobias"]
[Result "0-1"]
[WhiteElo "1287"]
[BlackElo "1646"]
[PlyCount "90"]
[EventDate "2015.??.??"]
[WhiteTeam "SC Eschborn"]
[BlackTeam "SC Eschborn"]

1. e4 c5 2. Nf3 Nc6 3. d4 cxd4 4. Nxd4 e5 5. Nf5 d5 6. Ng3 d4 7. Bb5 Qa5+ 8.
Qd2 Qxb5 9. a4 Qa5 10. Qxa5 Nxa5 11. b3 Bb4+ 12. Bd2 Bxd2+ 13. Nxd2 Nf6 14. f3
b6 15. O-O-O O-O 16. Kb2 Be6 17. Ka3 Rfc8 18. Rc1 Rc7 19. Ne2 Rac8 20. Kb2 Bd7
21. c4 dxc3+ 22. Rxc3 Rxc3 23. Nxc3 Kf8 24. Rc1 a6 25. Ne2 Rxc1 26. Nxc1 b5 27.
axb5 Bxb5 28. Kc3 Nc6 29. g3 Ke7 30. Nd3 Nd7 31. Nf2 Nc5 32. Nh3 f5 33. Nf2 Nd4
34. Kb4 Nd3+ 35. Nxd3 Bxd3 36. Kc5 Kd7 37. f4 Ne6+ 38. Kd5 exf4 39. gxf4 Nxf4+
40. Kd4 Bb5 41. Ke3 Nd3 42. Nf1 Nc5 43. Nd2 Kd6 44. Kf4 Nd3+ 45. Kxf5 Bd7+ 0-1

[Event "HEM 2015 B Turnier"]
[Site "Frankfurt-Sossenheim"]
[Date "2015.??.??"]
[Round "4.30"]
[White "Kirschner, Philipp"]
[Black "Praetz, Friedrich"]
[Result "1/2-1/2"]
[WhiteElo "1640"]
[BlackElo "1013"]
[PlyCount "129"]
[EventDate "2015.??.??"]
[WhiteTeam "Sfr. Kelkheim"]
[BlackTeam "SVG Lauterbach"]

1. d4 Nf6 2. c4 e6 3. Nc3 Bb4 4. e3 b6 5. Bd2 Bb7 6. Nf3 O-O 7. Bd3 d6 8. O-O
Nbd7 9. a3 Bxc3 10. Bxc3 Ne4 11. Nd2 f5 12. Qc2 Ndf6 13. f3 Nxc3 14. bxc3 d5
15. cxd5 Nxd5 16. Rfe1 Qg5 17. Nf1 Rf6 18. c4 Ne7 19. e4 Raf8 20. Re2 Rh6 21.
Rc1 Nc6 22. Qc3 Nxd4 23. Qxd4 Qxc1 24. exf5 exf5 25. Re7 Qg5 26. Qe3 f4 27. Qe5
Qxe5 28. Rxe5 Rd6 29. Bc2 c5 30. Re7 Ba6 31. Rxa7 Bxc4 32. Ra4 Bxf1 33. Kxf1
Rfd8 34. Rxf4 b5 35. a4 Rd2 36. Bf5 bxa4 37. Rxa4 Kf7 38. Ra7+ Kf6 39. Bxh7 g6
40. Ra6+ R8d6 41. Rxd6+ Rxd6 42. Bg8 Rd4 43. Ke2 Ke5 44. g3 g5 45. Bh7 c4 46.
Ke3 c3 47. f4+ gxf4+ 48. gxf4+ Rxf4 49. Kd3 Rh4 50. Bg6 Rh6 51. Be8 Rh3+ 52.
Kc2 Kd4 53. Ba4 Rxh2+ 54. Kc1 Rh1+ 55. Kc2 Ra1 56. Bb3 Ra3 57. Be6 Ra4 58. Bf7
Rb4 59. Bg6 Rb2+ 60. Kc1 Ke3 61. Bc2 Rxc2+ 62. Kxc2 Kd4 63. Kc1 Kd3 64. Kd1 c2+
65. Kc1 1/2-1/2

[Event "HEM 2015 B Turnier"]
[Site "Frankfurt-Sossenheim"]
[Date "2015.??.??"]
[Round "4.31"]
[White "Koller, Wolfgang"]
[Black "Mueller, Nils"]
[Result "1-0"]
[WhiteElo "1639"]
[BlackElo "1089"]
[PlyCount "61"]
[EventDate "2015.??.??"]
[WhiteTeam "SC Sulzbach"]
[BlackTeam "SF Friedberg"]

1. e4 e5 2. Nc3 Nf6 3. f4 Nc6 4. fxe5 Nxe5 5. d4 Nc6 6. e5 Qe7 7. Be2 Ng8 8.
Nf3 d6 9. Nd5 Qd7 10. O-O dxe5 11. dxe5 Bc5+ 12. Kh1 Nge7 13. Nxe7 Nxe7 14. Bf4
O-O 15. Bc4 Qf5 16. Ng5 Be6 17. Bd3 Qg4 18. Bxh7+ Kh8 19. Bd3 Rad8 20. Qxg4
Bxg4 21. Bg3 Be6 22. b3 Nc6 23. Nxe6 fxe6 24. Rxf8+ Rxf8 25. Rd1 Bd4 26. Be4
Nxe5 27. h3 c5 28. Bxb7 Rf7 29. Be4 a5 30. c3 Bxc3 31. Rd8+ 1-0

[Event "HEM 2015 B Turnier"]
[Site "Frankfurt-Sossenheim"]
[Date "2015.??.??"]
[Round "4.32"]
[White "Mattusch, Ralf"]
[Black "Soter, Ehrenfried"]
[Result "1-0"]
[WhiteElo "1572"]
[BlackElo "945"]
[PlyCount "55"]
[EventDate "2015.??.??"]
[WhiteTeam "SK Fürth"]
[BlackTeam "SC Königsspringer Alzenau"]

1. d4 d5 2. c4 e6 3. Nc3 Nf6 4. Bg5 Nc6 5. e3 Be7 6. Nf3 O-O 7. Bd3 Nb4 8. Be2
Ne4 9. Bxe7 Qxe7 10. Nxe4 dxe4 11. Nd2 Nd3+ 12. Bxd3 exd3 13. Qb3 Qg5 14. O-O
e5 15. Nf3 Qe7 16. Nxe5 c5 17. Nxd3 cxd4 18. exd4 Qg5 19. Ne5 Bh3 20. Qxh3 Qf6
21. Rfe1 Rfe8 22. Qc3 Rac8 23. Rad1 Rcd8 24. d5 b6 25. Nc6 Qxc3 26. bxc3 Rxe1+
27. Rxe1 Rf8 28. d6 1-0

[Event "HEM 2015 B Turnier"]
[Site "Frankfurt-Sossenheim"]
[Date "2015.??.??"]
[Round "4.33"]
[White "Neagu, Liviu"]
[Black "Mook, Karl-Juergen"]
[Result "1-0"]
[WhiteElo "1229"]
[BlackElo "1570"]
[PlyCount "103"]
[EventDate "2015.??.??"]
[WhiteTeam "SF Friedberg"]
[BlackTeam "SC Sulzbach"]

1. d4 d5 2. c4 c6 3. Nc3 Nf6 4. Bg5 Bf5 5. Nf3 dxc4 6. e3 h6 7. Bh4 e6 8. Bxc4
Be7 9. O-O O-O 10. Qb3 b5 11. Be2 Nbd7 12. Rac1 Re8 13. Nd2 a5 14. e4 a4 15.
Qc2 Bg6 16. Bd3 Nb6 17. Nf3 b4 18. Ne2 Rc8 19. Ne5 Bh7 20. Nxc6 Qc7 21. Nxe7+
Qxe7 22. Qd2 g5 23. Bg3 Bxe4 24. Be5 Bxd3 25. Qxd3 Ng4 26. Bg3 Qb7 27. h3 Nf6
28. h4 Qe4 29. Qe3 Qxe3 30. fxe3 Nfd5 31. hxg5 hxg5 32. Kf2 Nc4 33. e4 Nde3 34.
Rxc4 Ng4+ 35. Kf3 f5 36. Rxc8 Rxc8 37. exf5 exf5 38. Rh1 Kg7 39. d5 Re8 40. Bf2
Ne5+ 41. Kg3 Nd3 42. Bd4+ Kg6 43. Rd1 Rxe2 44. Rxd3 Re4 45. Kf2 Rf4+ 46. Kg1
Re4 47. g3 b3 48. d6 Kf7 49. d7 Ke7 50. Bc5+ Ke6 51. d8=Q Rc4 52. Qe7# 1-0

[Event "HEM 2015 B Turnier"]
[Site "Frankfurt-Sossenheim"]
[Date "2015.??.??"]
[Round "4.34"]
[White "Scholz, Michael"]
[Black "Liebske, Erwin"]
[Result "1/2-1/2"]
[WhiteElo "1862"]
[BlackElo "1643"]
[PlyCount "156"]
[EventDate "2015.??.??"]
[WhiteTeam "SK Mömbris"]
[BlackTeam "SV Frankfurt Nord"]

1. c4 c5 2. Nc3 Nc6 3. Nf3 d6 4. g3 Bf5 5. a3 Nf6 6. Bg2 g6 7. d3 Bg7 8. O-O
Qd7 9. Rb1 a5 10. Ne1 Bh3 11. Nc2 Bxg2 12. Kxg2 e5 13. b4 axb4 14. axb4 b6 15.
Bg5 Qb7 16. Bxf6 Bxf6 17. bxc5 dxc5 18. Nd5 Bd8 19. e4 O-O 20. Nce3 Nd4 21. Nc2
Nxc2 22. Qxc2 Bc7 23. Rb2 Rfd8 24. Rfb1 Rd6 25. Rb5 Qa7 26. Qb2 f6 27. h4 Rb8
28. Qe2 Kg7 29. h5 g5 30. h6+ Kh8 31. Qg4 Re8 32. Qf5 Ree6 33. R5b2 Bd8 34. Rd2
Qf7 35. Ra2 Rd7 36. Ra8 Red6 37. Rb8 Rb7 38. Rxb7 Qxb7 39. Qf3 Kg8 40. Qh5 Qf7
41. Qh3 Qb7 42. Qh1 Rd7 43. Qd1 Qc6 44. Rb5 Ra7 45. Qh5 Ra3 46. Qd1 Kf7 47. Qb1
Ra6 48. Rb2 Kg6 49. f4 Kxh6 50. Kf3 Qe6 51. Qh1+ Kg7 52. Rh2 Qg8 53. Rh6 Ra7
54. Rh2 Kf8 55. Rb2 Ra6 56. f5 Qg7 57. g4 Kg8 58. Rh2 Ra3 59. Qb1 Ra6 60. Qb5
Ra7 61. Nxb6 Bxb6 62. Qxb6 Qe7 63. Rb2 Kg7 64. Qc6 Qc7 65. Qd5 Qc8 66. Ke3 Rd7
67. Qe6 Rc7 68. Qxc8 Rxc8 69. Rb7+ Kg8 70. Kd2 Rc6 71. Kc3 h6 72. Kb3 Rd6 73.
Kc3 Rc6 74. Rd7 Rc8 75. Kb3 Ra8 76. Rd5 Ra5 77. Rd6 Kg7 78. Rb6 Ra7 1/2-1/2

[Event "HEM 2015 B Turnier"]
[Site "Frankfurt-Sossenheim"]
[Date "2015.??.??"]
[Round "4.35"]
[White "Droeser, Wolfgang"]
[Black "Kirst, Christian"]
[Result "0-1"]
[WhiteElo "1461"]
[BlackElo "1499"]
[PlyCount "52"]
[EventDate "2015.??.??"]
[WhiteTeam "SF Frankfurt"]
[BlackTeam "SV Fechenheim"]

1. f4 d5 2. Nf3 c5 3. e3 Nf6 4. d3 Nc6 5. Be2 e6 6. O-O Be7 7. Qe1 Qc7 8. Nc3
a6 9. a4 d4 10. Nd1 Nd5 11. g3 Ncb4 12. Qf2 Nxc2 13. Rb1 Ncxe3 14. Nxe3 Nxe3
15. Bxe3 dxe3 16. Qxe3 Bd7 17. b3 O-O 18. d4 cxd4 19. Nxd4 Bc5 20. Qd3 Qb6 21.
Rbd1 Rad8 22. Qc3 Bc6 23. Bf3 Bxd4+ 24. Rxd4 Qxd4+ 25. Qxd4 Rxd4 26. Bxc6 bxc6
0-1

[Event "HEM 2015 B Turnier"]
[Site "Frankfurt-Sossenheim"]
[Date "2015.??.??"]
[Round "4.36"]
[White "Boerkey, Pierre"]
[Black "Schwarz, Daniel"]
[Result "1/2-1/2"]
[WhiteElo "1375"]
[BlackElo "1429"]
[PlyCount "95"]
[EventDate "2015.??.??"]
[WhiteTeam "Wiesbadener SV"]
[BlackTeam "SG Idstein"]

1. d4 Nf6 2. c4 e6 3. Nf3 d6 4. g3 b6 5. Bg2 Bb7 6. Nc3 Nbd7 7. O-O g6 8. Re1
Bg7 9. e4 e5 10. d5 O-O 11. Bd2 Nc5 12. b4 Nd3 13. Re3 Nxb4 14. Rb1 Na6 15. Bh3
Nc5 16. Qc2 a6 17. Re2 Bc8 18. Bxc8 Rxc8 19. Na4 Nxa4 20. Qxa4 Qd7 21. Qxd7
Nxd7 22. Be3 Nf6 23. Nd2 Rb8 24. f3 Rfc8 25. Nf1 Nd7 26. Reb2 Bf6 27. a4 c5 28.
Nd2 g5 29. Kg2 Kg7 30. Kf2 h5 31. h3 Rg8 32. Rg1 Nf8 33. a5 Nd7 34. axb6 Rxb6
35. Rxb6 Nxb6 36. Rb1 Rb8 37. Ra1 Ra8 38. Rb1 Bd8 39. Ke2 f6 40. Kd3 Kg6 41. g4
a5 42. Ra1 a4 43. Ra3 h4 44. Nb1 Kf7 45. Nc3 Ke7 46. Nb5 Nd7 47. Nc3 Nb6 48.
Nb5 1/2-1/2

[Event "HEM 2015 B Turnier"]
[Site "Frankfurt-Sossenheim"]
[Date "2015.??.??"]
[Round "4.37"]
[White "Schreer, Maxima"]
[Black "Stier, Ingrid"]
[Result "1-0"]
[WhiteElo "1414"]
[BlackElo "1086"]
[PlyCount "145"]
[EventDate "2015.??.??"]
[WhiteTeam "SF Friedberg"]
[BlackTeam "SVG Lauterbach"]

1. e4 e5 2. Nf3 Nc6 3. Nc3 d6 4. h3 a6 5. Bc4 Nd4 6. d3 Nxf3+ 7. Qxf3 Qf6 8.
Qg3 c6 9. h4 Qg6 10. Bg5 Be7 11. Qf3 f6 12. Bd2 Qg4 13. Qe3 Qxg2 14. O-O-O Bg4
15. Rde1 b5 16. Qb6 Bd7 17. Reg1 Qxh1 18. Rxh1 bxc4 19. Qb7 Rc8 20. dxc4 f5 21.
Qxa6 Nf6 22. Bg5 O-O 23. Bxf6 Bxf6 24. Qb6 Bd8 25. Qe3 f4 26. Qd3 Be7 27. c5
Rf6 28. h5 Rh6 29. f3 g5 30. Na4 Be8 31. Qa6 Rd8 32. Qb7 Kf7 33. Nb6 dxc5 34.
Qc7 Re6 35. Na4 Rd7 36. Qb6 h6 37. Nxc5 Bxc5 38. Qxc5 Rdd6 39. a4 Bd7 40. Qa7
Re7 41. a5 Bc8 42. Qa8 Bb7 43. Qh8 c5 44. Rd1 Rxd1+ 45. Kxd1 Rd7+ 46. Kc1 g4
47. Qxe5 gxf3 48. Qxf4+ Ke8 49. Qxf3 Rd4 50. Qf4 Bxe4 51. Qb8+ Kd7 52. a6 Bf3
53. b3 Rb4 54. Qa7+ Kc6 55. Qa8+ Kb6 56. Qxf3 Kxa6 57. Qc6+ Rb6 58. Qxc5 Rb5
59. Qc4 Ka5 60. Qg4 Rg5 61. Qa4+ Kb6 62. Qb4+ Kc6 63. Qe4+ Kd6 64. b4 Kd7 65.
Qh7+ Ke8 66. Qxh6 Rg1+ 67. Kb2 Kd7 68. Qf6 Kc7 69. h6 Rh1 70. Qf5 Kd6 71. h7
Ke7 72. Qe5+ Kf7 73. Qd5+ 1-0